000 00382nam a2200145Ia 4500
008 220204s9999 xx 000 0 und d
020 _a9781402069789
082 _a504.38:629
_bSPE
100 _aCannon, JS
245 0 _aReducing climate impacts in the transportation sector
260 _aSpringer
_bVSA
_c2009
650 _aClimate change
700 _aSperlina, D
942 _cBK
999 _c43101
_d43101